| 000 | 00728nam a2200217 a 4500 | ||
|---|---|---|---|
| 001 | BRCA_74 | ||
| 005 | 20190320202854.0 | ||
| 008 | 911112r19921984enka---##b---#001-0#eng-# | ||
| 041 | _aeng | ||
| 044 | _aenk | ||
| 050 | 4 |
_aAM121 _b.M32 1992 |
|
| 245 | 1 | 0 |
_aManual of curatorship _ba guide to museum practice _cedited by John M. A. Thompson ... [et al.]. |
| 260 |
_aBoston _bButterworth-Heinemann _c1992 |
||
| 300 |
_axvii, 756 p. _bil. _c26 cm. |
||
| 500 | _aOriginalmente publicado en: London ; Boston : Butterworths, 1984 | ||
| 500 | _aIncluye índice de temas | ||
| 504 | _aIncluye referencias bibliográficas | ||
| 650 | 1 | 4 |
_aMuseos _vManuales _xAdministración _9321 |
| 700 | 1 |
_aThompson, Jhon M. A. _eed. _9322 |
|
| 942 |
_2lcc _cB |
||
| 999 |
_c71 _d71 |
||